000 01496nam a2200313 a 4500
001 39259
003 BD-RjUL
005 20211209052943.0
008 160406s1999 bg ||||e |||| 000 0 ben d
020 _a9840739530 (V-1)
_c: Tk.600.00
020 _a9840738426 (V-2)
_c: Tk.550.00
035 _a(BD-RjUL)39371
040 _aBD-RjUL
_bben
_cBD-RjUL
041 _aben
082 _223
_a294.5923
_bDAK 1999
100 _aদাস, কবীন্দ্র পরমেশ্বর
_9120959
245 1 0 _aকবীন্দ্র মহাভারত :
_bলিপিতাত্ত্বিক-ভাষাতাত্ত্বিক সমীক্ষা ও সংস্কৃত মহাভারতের সঙ্গে তুলনা /
_c কবীন্দ্র পরমেশ্বর দাস ,সংগ্রাহক ডক্টর কল্পনা ভৌমিক
260 _aঢাকা :
_bবাংলা একাডেমী,
_c১৯৯৯.
300 _a খন্ড :
_bচিত্র ;
_c২৩ সেমি.
490 _aবাএ
_v৩৯৪৪
490 _aবাএ
_v৩৮৪০
500 _aপরিশিষ্ট সংযুক্ত
504 _aশব্দসূচি সংযুক্ত
505 _aখন্ড ১ - - খন্ড ২ - -
650 _aমহাভারত
_9120944
650 _aMahabharata
_9121458
700 _aভৌমিক, কল্পনা [সংগ্রাহক]
_9121428
942 _2ddc
_cBK
999 _c39259
_d39259